FAO at work 2006-2007 : Hunger and crisis

Soaring food prices of 2007-2008 were devastating for the poorest of the poor, we need look no futher than the food riots that upset dozens of countries in that period and the sharp rise in global hunger. All we need to work toward improved response to food security crises

Gorde:
Xehetasun bibliografikoak
Erakunde egilea: Food and Agriculture Organization of the United Nations (FAO)
Formatua: Liburua
Hizkuntza:Undetermined
Argitaratua: Rome, Italy Food and Agriculture Organization of the United Nations (FAO) 2009
Gaiak:
Etiketak: Etiketa erantsi
Etiketarik gabe, Izan zaitez lehena erregistro honi etiketa jartzen!
Thư viện lưu trữ: Trung tâm Học liệu Trường Đại học Cần Thơ
LEADER 01044nam a2200217Ia 4500
001 CTU_171028
008 210402s9999 xx 000 0 und d
082 |a 338.19 
082 |b F686 
110 |a Food and Agriculture Organization of the United Nations (FAO) 
245 0 |a FAO at work 2006-2007 : 
245 0 |b Hunger and crisis 
245 0 |c Food and Agriculture Organization of the United Nations (FAO) 
260 |a Rome, Italy 
260 |b Food and Agriculture Organization of the United Nations (FAO) 
260 |c 2009 
520 |a Soaring food prices of 2007-2008 were devastating for the poorest of the poor, we need look no futher than the food riots that upset dozens of countries in that period and the sharp rise in global hunger. All we need to work toward improved response to food security crises 
650 |a Food supply,Cung cấp lương thực 
650 |x International cooperation,Tổ chức quốc tế 
904 |i Trọng Hiếu 
980 |a Trung tâm Học liệu Trường Đại học Cần Thơ